NFL Week 5 Fantasy Leaders 2025-2026 - Statistics

General Stats
  • This quiz has been taken 181 times
  • The average score is 11 of 20
Answer Stats
Position Points Player % Correct
QB 27.7 Patrick Mahomes
79%
RB 31.6 Jonathan Taylor
78%
RB 27.9 Christian McCaffrey
71%
WR 24.5 Puka Nacua
70%
RB 31.1 Kyren Williams
68%
RB 26.9 Javonte Williams
67%
QB 26.7 Baker Mayfield
64%
WR 29 Ja'Marr Chase
64%
RB 32.4 Rico Dowdle
64%
WR 31.3 Emeka Egbuka
63%
WR 27.2 Jaxon Smith-Njigba
59%
QB 28.3 Dak Prescott
52%
QB 28.6 Sam Darnold
52%
QB 25.6 Matthew Stafford
51%
QB 27.2 Trevor Lawrence
38%
QB 25.9 Justin Fields
36%
QB 28.8 CJ Stroud
33%
WR 24.6 Stefon Diggs
30%
RB 27 Jacory Croskey-Merritt
17%
TE 24.3 AJ Barner
13%
No matching quizzes found
Score Distribution
Percent of People with Each Score
Percentile by Number Answered
Your Score History
You have not taken this quiz